| 000 | 00000nam 2200000zi 4500 |
| 001 | 9.932550 |
| 003 | CaOODSP |
| 005 | 20240215152344 |
| 006 | m o d f |
| 007 | cr |n||||||||| |
| 008 | 240116e202402 onc o f100 0 fre d |
| 020 | |a9780660696546 |
| 040 | |aCaOODSP|bfre|erda|cCaOODSP |
| 043 | |an-cn--- |
| 086 | 1 |aFs70-4/2024-007F-PDF |
| 245 | 00|aCompte rendu de l'examen par les pairs régional sur l'évaluation du contingent Nord du maquereau bleu (Scomber scombrus) du 20 au 22 février 2023, Mont-Joli, Québec / |cprésidente : Marie-Julie Roux ; rapporteuse : Sonia Dubé. |
| 264 | 1|aOttawa (Ontario) : |bSecrétariat canadien de consultation scientifique (SCCS), |cfévrier 2024. |
| 264 | 4|c©2024 |
| 300 | |a1 ressource en ligne (iv, 13 pages). |
| 336 | |atexte|btxt|2rdacontent/fre |
| 337 | |ainformatique|bc|2rdamedia/fre |
| 338 | |aressource en ligne|bcr|2rdacarrier/fre |
| 490 | 1 |aCompte rendu, |x2292-4264 ; |v2024/007 |
| 500 | |aPublié aussi en anglais sous le titre : Proceedings of the regional peer review meeting of the assessment of the northern contingent of Atlantic mackerel (Scomber scombrus), February 20-22, 2023, Mont-Joli, QC. |
| 650 | 6|aMaquereau commun|xPêche commerciale|zAtlantique, Côte de l' (Canada)|vCongrès. |
| 650 | 6|aRessources halieutiques|xÉvaluation|zAtlantique, Côte de l' (Canada)|vCongrès. |
| 655 | 7|aActes de congrès|2rvmgf |
| 700 | 1 |aRoux, M.-J. |q(Marie-Julie) |
| 710 | 2 |aSecrétariat canadien de consultation scientifique, |eorganisme de publication. |
| 710 | 1 |aCanada. |bMinistère des pêches et des océans. |bRégion du Québec, |eorganisme de publication. |
| 775 | 08|tProceedings of the regional peer review meeting of the assessment of the northern contingent of Atlantic mackerel (Scomber scombrus), February 20-22, 2023, Mont-Joli, QC / |w(CaOODSP)9.932549 |
| 830 | #0|aCompte rendu (Secrétariat canadien de consultation scientifique)|v2024/007.|w(CaOODSP)9.502879 |
| 856 | 40|qPDF|s365 Ko|uhttps://publications.gc.ca/collections/collection_2024/mpo-dfo/fs70-4/Fs70-4-2024-007-fra.pdf |